| 000 | 00915nam a2200265Ia 4500 | ||
|---|---|---|---|
| 003 | OSt | ||
| 005 | 20220923225227.0 | ||
| 006 | a|||||r|||| 00| 0 | ||
| 007 | ta | ||
| 008 | 220922b |||||||| |||| 00| 0 pan d | ||
| 020 | _c300 | ||
| 024 | _a260,717 | ||
| 037 |
_b541, 02/12/2011, H.K. Prakashan _cTextual |
||
| 040 |
_aARTS _cARTS _bpan |
||
| 041 |
_2pan _apan |
||
| 082 | _aO153,2:g(V), P8 | ||
| 100 | _aਸਾਹਿਬ ਸਿੰਘ | ||
| 245 | 0 | _aਪੰਜਾਬੀ ਇਤਿਹਾਸਕ ਨਾਟਕ ਤੇ ਇਤਿਹਾਸ ਚੇਤਨਾ | |
| 260 |
_aਜਲੰਧਰ _b ਸੁੰਦਰ ਬੱੁਕ ਡਿਪੋ _c2008 |
||
| 300 |
_a288ਪੰ _ccm. |
||
| 650 | _a ਪੰਜਾਬੀ ਨਾਟਕ | ||
| 650 | _aਪੰਜਾਬੀ ਸਾਹਿਤ | ||
| 942 |
_hO153,2:g(V), P8 _cTEXL _2CC |
||
| 999 |
_c376839 _d376839 |
||